All Toronto TTC Subway Stations - Statistics

General Stats
  • This quiz has been taken 351 times
  • The average score is 55 of 75
Answer Stats
Answer % Correct
Union
93%
Queen
92%
King
91%
Finch
89%
Spadina
89%
St George
89%
Bloor-Yonge
88%
Dundas
87%
Eglinton
87%
Kipling
87%
Bay
86%
Kennedy
84%
Vaughan Metropolitan Centre
84%
Museum
83%
Lawrence
82%
St Andrew
81%
College
80%
Scarborough Centre
80%
Eglinton West
79%
Rosedale
79%
Sheppard-Yonge
79%
St Clair
79%
Don Mills
78%
Bathurst
77%
Pape
77%
Highway 407
76%
Islington
76%
Jane
76%
St Patrick
76%
York University
76%
Castle Frank
75%
Wellesley
75%
Yorkdale
75%
Queen's Park
74%
Sheppard West
74%
High Park
73%
Lawrence West
73%
Victoria Park
73%
Leslie
72%
Osgoode
72%
Finch West
71%
St Clair West
71%
York Mills
71%
Christie
70%
Dufferin
70%
Keele
70%
North York Centre
70%
Pioneer Village
70%
Summerhill
70%
Warden
70%
Dundas West
69%
Ossington
69%
Bessarion
68%
Sherbourne
68%
Broadview
67%
Main Street
66%
Old Mill
66%
Bayview
65%
McCowan
65%
Wilson
65%
Davisville
64%
Downsview Park
64%
Royal York
64%
Woodbine
64%
Coxwell
63%
Donlands
63%
Dupont
63%
Greenwood
63%
Runnymede
63%
Chester
61%
Glencairn
61%
Lawrence East
59%
Ellesmere
57%
Lansdowne
57%
Midland
57%
No matching quizzes found
Score Distribution
Percent of People with Each Score
Percentile by Number Answered
Your Score History
You have not taken this quiz